|
|
|
|
| LEADER |
00000nam a22000007a 4500 |
| 005 |
20220824210441.0 |
| 007 |
cr|||| ||| |
| 008 |
220824s2020 pe |||||s|||| 00||0 spa d |
| 020 |
|
|
|a 9786123251475
|
| 035 |
|
|
|a 36909
|
| 040 |
|
|
|a vLex
|
| 090 |
|
|
|c 13808
|d 13808
|
| 100 |
1 |
|
|a Caminos, Pedro A.
|
| 245 |
1 |
0 |
|a Republicanismo e interrupcin̤ voluntaria del embarazo
|h [Recurso electrn̤ico] :
|b Una visin̤ laica de la polt̕ica /
|c Pedro A. Caminos
|
| 256 |
|
|
|a Servicio en ln̕ea
|
| 260 |
|
|
|a Lima:
|b Palestra Editores,
|c 2020
|
| 300 |
|
|
|a 1 recurso electrn̤ico
|
| 500 |
|
|
|a En Republicanismo e interrupcin̤ voluntaria del embarazo. Una visin̤ laica de la polt̕ica, Pedro A. Caminos defiende la legalizacin̤ de la interrupcin̤ voluntaria del embarazo desde una perspectiva laica y republicana. Para ello, el autor define al laicismo como una propuesta para regular ťicamente las relaciones entre seres humanos en oposicin̤ al fanatismo. Ello conduce a la elaboracin̤ de un modelo de agencia racional basado en el librepensamiento. Ese modelo est ̀presupuesto por una ťica del discurso que configura el fundamento de un diseǫ institucional republicano asociado al ideal de libertad como no dominacin̤. Finalmente, a partir de esas premisas, el autor encara el debate sustancial sobre la interrupcin̤ del embarazo explicando por qu ̌es dudoso adjudicar personalidad al embrin̤. Luego, aun si se aceptara una adjudicacin̤ tal, el autor pone en duda la fuerza de los argumentos tendientes a reconocerle al embrin̤ un derecho correlativo al deber de llevar a třmino un embarazo. Por l︢timo, se explicitan los presupuestos ťicos de la concepcin̤ alternativa, indicando de qu ̌modo ellos se remiten inevitablemente a consideraciones sobre la virtud de la castidad sexual o de asumir el rol de madre que buscan imponerse a travš de la coercin̤ estatal.
|
| 506 |
1 |
|
|a Disponible solo en los productos indicados
|d vLex Global
|d vLex Global (Academic Edition, excluding Law Schools)
|d vLex Global (U.S. Academic Edition, Law Schools)
|d vLex Global (U.S. Academic Edition, excluding Law Schools)
|d vLex Global (Academic Edition, Law Schools)
|
| 650 |
0 |
4 |
|a Derecho Militar
|z Per︢
|
| 650 |
0 |
4 |
|a Filosofa̕ y religin̤
|z Per︢
|
| 740 |
0 |
|
|a vLex Libros (Servicio en ln̕ea)
|
| 856 |
4 |
0 |
|u https://app.vlex.com/#/sources/36909
|z Acceso restringido
|
| 942 |
|
|
|c BOOK
|
| 999 |
0 |
|
|a Military Law
|
| 999 |
0 |
|
|a Philosophy and religion
|